(Registro nro. 3230)
[ vista simple ]
| 000 -CABECERA | |
|---|---|
| campo de control de longitud fija | 01316nam a2200325 b 4500 |
| 001 - NÚMERO DE CONTROL | |
| campo de control | bimo0001620351 |
| 003 - IDENTIFICADOR DEL NÚMERO DE CONTROL | |
| campo de control | AR-RoIUNI |
| 005 - FECHA Y HORA DE LA ÚLTIMA TRANSACCIÓN | |
| campo de control | 20160908113905.0 |
| 008 - DATOS DE LONGITUD FIJA--INFORMACIÓN GENERAL | |
| campo de control de longitud fija | 001027s1983 mx | ||| ||spa d |
| 016 7# - NÚMERO DE CONTROL DE UNA AGENCIA BIBLIOGRÁFICA NACIONAL | |
| Número de control del registro | bimoBNE20002039734 |
| Fuente | SpMaBN |
| 017 ## - NÚMERO DE COPYRIGHT O DE DEPÓSITO LEGAL | |
| Número de copyright o de depósito legal | V 1794-2000 |
| Agencia que asigna | Oficina Depósito Legal Valencia |
| 020 ## - NÚMERO INTERNACIONAL ESTÁNDAR DEL LIBRO | |
| Número Internacional Estándar del Libro | 9684780397 |
| 035 ## - NÚMERO DE CONTROL DEL SISTEMA | |
| Número de control de sistema | (OCoLC)44560558 |
| 040 ## - FUENTE DE LA CATALOGACIÓN | |
| Centro catalogador/agencia de origen | SpMaBN |
| Lengua de catalogación | |
| Centro/agencia transcriptor | |
| 041 1# - CÓDIGO DE LENGUA | |
| Código de lengua del texto/banda sonora o título independiente | spa |
| Código de lengua original | ita |
| 080 ## - NÚMERO DE LA CLASIFICACIÓN DECIMAL UNIVERSAL | |
| Número de la Clasificación Decimal Universal | 101.1 |
| 100 1# - ENTRADA PRINCIPAL--NOMBRE DE PERSONA | |
| Nombre de persona | Colli, Giorgio |
| Fechas asociadas al nombre | 1917-1979 |
| 240 10 - TÍTULO UNIFORME | |
| Título uniforme | <a href="Scritti su Nietzsche">Scritti su Nietzsche</a> |
| Lenguaje de la obra | Español |
| 245 10 - MENCIÓN DE TÍTULO | |
| Título | Introducción a Nietzsche / |
| Mención de responsabilidad, etc. | Giorgio Colli. |
| 260 ## - PUBLICACIÓN, DISTRIBUCIÓN, ETC. (PIE DE IMPRENTA) | |
| Lugar de publicación, distribución, etc. | México : |
| Nombre del editor, distribuidor, etc. | Folios, |
| Fecha de publicación, distribución, etc. | c1983. |
| 300 ## - DESCRIPCIÓN FÍSICA | |
| Extensión | 142 p. ; |
| Dimensiones | 20 cm. |
| 490 0# - MENCIÓN DE SERIE | |
| Mención de serie | Colección alternativas ; |
| Designación de volumen o secuencia | 8. |
| Mención de serie | Serie fundaciones |
| 504 ## - NOTA DE BIBLIOGRAFÍA, ETC. | |
| Bibliografía, etc. | |
| 505 1# - NOTA DE CONTENIDO CON FORMATO | |
| Nota de contenido con formato | El nacimiento de la tragedia y las consideraciones inactuales, I-II -- Correspondencia Nietzsche - Wagner -- Sobre la utilidad y la desventaja de la ciencia histórica para la vida -- Richard Wagner en Bayreuth -- Mas allá del bien y del mal y La genealogía de la moral -- Ditirambos de Dionisos -- La obra y los escritos póstumos de 1888 -- El anticristo. |
| 600 17 - PUNTO DE ACCESO ADICIONAL DE MATERIA--NOMBRE DE PERSONA | |
| Nombre de persona | Nietzsche, Friedrich |
| Fechas asociadas al nombre | 1844-1900 |
| Subdivisión general | CRÍTICA E INTERPRETACIÓN |
| 650 #4 - PUNTO DE ACCESO ADICIONAL DE MATERIA--TÉRMINO DE MATERIA | |
| Término de materia o nombre geográfico como elemento inicial | PSICOLOGÍA |
| 650 #4 - PUNTO DE ACCESO ADICIONAL DE MATERIA--TÉRMINO DE MATERIA | |
| Término de materia o nombre geográfico como elemento inicial | FILOSOFÍA |
| 942 ## - ELEMENTOS DE PUNTO DE ACCESO ADICIONAL (KOHA) | |
| Fuente del sistema de clasificación o colocación | Clasificación Decimal Universal |
| Tipo de ítem Koha | Libros |
| 956 ## - LOCALIZACIÓN Y ACCESO ELECTRÓNICOS LOCAL (OCLC) | |
| Nombre del host | 2 |
| Estado de retiro | Estado de pérdida | Fuente del sistema de clasificación o colocación | Estado dañado | Excepción de préstamo | Código de colección | Localización permanente | Ubicación/localización actual | Ubicación en estantería | Fecha de adquisición | Número de inventario | Total de préstamos | Signatura topográfica completa | Código de barras | Fecha visto por última vez | Número de copia | Precio válido a partir de | Tipo de ítem Koha | Nota pública |
|---|---|---|---|---|---|---|---|---|---|---|---|---|---|---|---|---|---|---|
| Clasificación Decimal Universal | Psicología | BIBLIOTECA RIOBAMBA | BIBLIOTECA RIOBAMBA | BIBLIOTECA RIOBAMBA | 01/08/2016 | 3328 | 101.1 COL | 3328 | 08/09/2016 | 1 | 08/09/2016 | Libros | Donación Pablo Zöpke |

